Menový prehľad
Guardado en:
| Formato: | Seriadas |
|---|---|
| Lenguaje: | eslovaco |
| Publicado: |
Bratislava
Národná banka Slovenska
1998
|
| Materias: | |
| Etiquetas: |
Sin Etiquetas, Sea el primero en etiquetar este registro!
|
MARC
| LEADER | 00000nas2a2200000 4500 | ||
|---|---|---|---|
| 001 | s122345 | ||
| 005 | 20221220131027.0 | ||
| 041 | 0 | |a slo | |
| 044 | |a SK | ||
| 245 | 1 | 0 | |a Menový prehľad |
| 264 | 1 | |a Bratislava |b Národná banka Slovenska |c 1998 | |
| 300 | |a 1 zv. | ||
| 500 | |a Chýba január | ||
| 773 | 0 | |w eu_un_cat*s120186 | |
| 610 | 2 | 0 | |a banky |
| 610 | 2 | 0 | |a mena |
| 610 | 2 | 0 | |a Slovensko |
| 610 | 2 | 0 | |a NBS Bratislava |